000 00264nam a2200097Ia 4500
001 815884
005 20250826171705.0
008 250824s9999 xx 000 0 und d
245 0 _aARDAHANDAN GELEN MEKTUP
_cFEYZA HEPÇİLİNGİRLER
260 _bKIRMIZI KEDİ YAYINLARI
999 _c815884
_d815884